00465 2200193 4500001002100000005001500021008004100036020002200077035001900099041000700118082001000125090001600135100001700151245002400168250001000192260002200202300002600224650002100250INLIS00000000002471620241224131756241224||||||||| | ||| |||| || |  a978-623-206-161-3 0010-1224024716 aid0 a741.5 a741.5 RUR k0 aRuri Irawati00aKelekak Datuk Legam aCet.1 bTiga Anandac2019 a32 hlm.; ilus.: 24 cm 0acerita bergambar